[Event "Tom Weston Major op"]
[Site "Cardiff"]
[Date "2009.04.13"]
[Round "7"]
[White "Bridges, Paul"]
[Black "Cleverly, David"]
[Result "1/2-1/2"]
[WhiteElo "1798"]
[BlackElo "1710"]
[PlyCount "42"]
[EventDate "2009.04.10"]
[EventType "swiss"]
[EventRounds "7"]
[EventCountry "WLS"]
[SourceTitle "EXT 2011"]
[Source "ChessBase"]
[SourceDate "2010.11.26"]
[SourceVersion "1"]
[SourceVersionDate "2010.11.26"]
[SourceQuality "1"]

1. e4 e6 2. d4 d5 3. e5 c5 4. c3 Nc6 5. Nf3 Qb6 6. a3 cxd4 7. cxd4 Nge7 8. Bd3 Nf5 9. Bxf5 exf5 10. Nc3 Be6 11. 0-0 Rc8 12. Qd3 Be7 13. b4 0-0 14. Be3 f6 15. Rfc1 Qd8 16. g3 Kh8 17. Rc2 g5 18. b5 Na5 19. exf6 Bxf6 20. Ne5 Nc4 21. f4 g4 1/2-1/2

[Event "Tom Weston Major op"]
[Site "Cardiff"]
[Date "2009.04.13"]
[Round "6"]
[White "Cleverly, David"]
[Black "Probert, Malcolm"]
[Result "1-0"]
[WhiteElo "1710"]
[BlackElo "1604"]
[PlyCount "103"]
[EventDate "2009.04.10"]
[EventType "swiss"]
[EventRounds "7"]
[EventCountry "WLS"]
[SourceTitle "EXT 2011"]
[Source "ChessBase"]
[SourceDate "2010.11.26"]
[SourceVersion "1"]
[SourceVersionDate "2010.11.26"]
[SourceQuality "1"]

1. e4 c5 2. Nc3 Nc6 3. g3 g6 4. Bg2 Bg7 5. Nge2 d6 6. d3 Nf6 7. 0-0 0-0 8. f4 Qb6 9. Qd2 e6 10. h3 Bd7 11. Nd1 Rad8 12. c3 Ne7 13. Qc2 Bc6 14. Be3 Qc7 15. Nf2 b6 16. Rac1 Nd7 17. d4 d5 18. g4 c4 19. e5 f5 20. Ng3 fxg4 21. hxg4 a5 22. Nh3 h6 23. f5 exf5 24. gxf5 Nxf5 25. Nxf5 Rxf5 26. Rxf5 gxf5 27. Qxf5 Nf8 28. Rf1 Qd7 29. Qxd7 Rxd7 30. Nf4 Kh7 31. Bh3 Re7 32. Nh5 Ne6 33. Bf5+ Kg8 34. Nxg7 Kxg7 35. Kh2 h5 36. Rg1+ Kf8 37. Rg6 Bd7 38. Rf6+ Ke8 39. Bg6+ Kd8 40. Bxh5 Rh7 41. Rh6 Rxh6 42. Bxh6 b5 43. Bf3 Bc6 44. Kg3 b4 45. Kg4 Bd7 46. Bg5+ Kc7 47. Kh5 Be8+ 48. Kh6 Kc6 49. Bh5 Kd7 50. Bd1 Kc7 51. Bf3 Bc6 52. Kg6 1-0

[Event "Tom Weston Major op"]
[Site "Wales"]
[Date "2008.03.24"]
[Round "7"]
[White "Trombley, Frank"]
[Black "Cleverly, David"]
[Result "0-1"]
[WhiteElo "1461"]
[BlackElo "1541"]
[PlyCount "104"]
[EventDate "2008.03.21"]
[EventType "swiss"]
[EventRounds "7"]
[EventCountry "WLS"]
[SourceTitle "EXT 2010"]
[Source "ChessBase"]
[SourceDate "2010.11.25"]
[SourceVersion "1"]
[SourceVersionDate "2010.11.25"]
[SourceQuality "1"]

1. e4 e6 2. d4 d5 3. Nd2 c5 4. Bb5+ Bd7 5. Bxd7+ Qxd7 6. exd5 exd5 7. Qe2+ Qe6 8. Qxe6+ fxe6 9. dxc5 Bxc5 10. Nb3 Bb6 11. Nf3 Nf6 12. Bf4 0-0 13. 0-0 Nc6 14. Rad1 Rad8 15. h3 Ne4 16. Be3 Bxe3 17. fxe3 Ng3 18. Rfe1 Nb4 19. c3 Nc2 20. Nc5 Nxe1 21. Rxe1 Rde8 22. Ne5 b6 23. Ncd3 Rf5 24. Kh2 Nf1+ 25. Kg1 Nd2 26. g4 Nf3+ 27. Nxf3 Rxf3 28. Kg2 Ref8 29. Re2 Rf1 30. a3 Rd1 31. Ne5 Rff1 32. Nf3 h6 33. Nd2 Rfe1 34. Rxe1 Rxe1 35. Kf2 Rc1 36. Ke2 Rc2 37. Kd3 Rxb2 38. h4 Ra2 39. Nb1 Rg2 40. g5 hxg5 41. hxg5 Rxg5 42. Nd2 e5 43. c4 dxc4+ 44. Nxc4 Kf7 45. Nd6+ Ke6 46. Nc8 e4+ 47. Kxe4 Ra5 48. Kd4 Kd7 49. Nxa7 Rxa7 50. e4 Rxa3 51. Kd5 Ra5+ 52. Kd4 Ke6 0-1

[Event "Tom Weston Major op"]
[Site "Wales"]
[Date "2008.03.23"]
[Round "5"]
[White "Cleverly, David"]
[Black "Francis, Marcus"]
[Result "0-1"]
[WhiteElo "1541"]
[BlackElo "1474"]
[PlyCount "74"]
[EventDate "2008.03.21"]
[EventType "swiss"]
[EventRounds "7"]
[EventCountry "WLS"]
[SourceTitle "EXT 2010"]
[Source "ChessBase"]
[SourceDate "2010.11.25"]
[SourceVersion "1"]
[SourceVersionDate "2010.11.25"]
[SourceQuality "1"]

1. f4 Nf6 2. g3 d5 3. Bg2 e6 4. Nf3 c5 5. d3 Nc6 6. 0-0 Qb6 7. c3 Bd6 8. Qe1 0-0 9. h3 e5 10. fxe5 Nxe5 11. a4 a5 12. Na3 Bd7 13. Nc2 Rfe8 14. d4 Nd3 15. exd3 Rxe1 16. Rxe1 Bxg3 17. dxc5 Qxc5+ 18. Be3 Qc8 19. Bf2 Bxf2+ 20. Kxf2 Bxh3 21. Ne3 Bxg2 22. Kxg2 h5 23. Ne5 Nd7 24. Nxd5 Qc5 25. c4 Nxe5 26. Rxe5 Qd4 27. Rae1 Qxd3 28. Ne7+ Kf8 29. Nd5 g6 30. Nb6 Rd8 31. R1e3 Qd1 32. Nd5 Qg4+ 33. Kf2 Qxc4 34. Nc3 Rd2+ 35. Ne2 Rxb2 36. R5e4 Qc6 37. Kg1 Rb4 0-1